| 000 | 004370000a22001810004500 | ||
|---|---|---|---|
| 003 | MACL | ||
| 005 | 20160124124806.0 | ||
| 008 | 160124b xxu||||| |||| 00| 0 eng d | ||
| 040 |
_aMACL _cMACL |
||
| 041 | _aEnglish | ||
| 082 | _a540/KUM | ||
| 100 |
_aKumar, Rajat _934460 |
||
| 245 | _aObjective Chemistry | ||
| 260 |
_bTrueman Book co. _c2003 _aNew Delhi |
||
| 350 | _a425 | ||
| 650 |
_aChemistry _934461 |
||
| 942 |
_cBK _k540/Kum _2ddc |
||
| 999 |
_c33304 _d33304 |
||